01845cam a2200313 a 45000010009000000050017000090080041000260100017000670200029000840200025001130400018001380500022001560820017001781000030001952450098002252500012003232600053003353000026003885000020004145040064004345050721004986500030012196500030012496500051012797000031013309420012013619990017013739520141013901556260920090916092128.0081219s2009 nyu b 001 0 eng  a 2008054545 a9780521857109 (hardback) a9780521673860 (pbk.) aDLCcDLCdDLC00aHD69.S8bS68 200900a384222bSPU1 aSpulber, Daniel F.91125810aNetworks in telecommunications :beconomics and law /cDaniel F. Spulber, Christopher S. Yoo. a1st ed. aNew York :bCambridge University Press,cc.2009. axvi, 493 p. ;c26 cm. aIncludes Index. aIncludes bibliographical references (p. 439-471) and index.0 aThe economics of networks -- The structure and functions of networks -- The design and costs of networks -- Pricing network services -- The regulation of networks -- Network regulation basics -- Economic effects of regulating access to networks -- Pricing of access to networks -- Constitutional limits on the pricing of access to networks -- Policy applications -- The regulation of local telephone networks -- Antitrust as applied to network industries -- The regulation of last-mile broadband networks -- The regulation of broadband networks and the internet : network -- Neutrality versus network diversity -- The regulation of broadband networks and the internet : network -- Neutrality versus network capacity. 0aBusiness networks.911259 0aTelecommunication.911260 0aTelecommunicationxLaw and legislation.9112611 aYoo, Christopher S.911262 2ddccBB c13358d13358 00102ddc40708AlahramaMAINbMAINc1STd2010-02-11epurchaseg384.00hSPUl1o384 SPUp000019580r2025-07-15 00:00:00s2016-02-24yBB